Kate Beckinsale Filmography - Statistics

General Stats
  • This quiz has been taken 39 times
    8 since last reset
  • The average score is 38 of 89
Answer Stats
Type Year Name % Correct
Film 1999 Brokedown Palace
75%
Film 2006 Click
75%
TV Show 1975 Couples
75%
Film 2016 The Disappointments Room
75%
Film 1998 The Last Days of Disco
75%
Film 2012 Total Recall
75%
Film 2003 Underworld
75%
Film 2012 Underworld: Awakening
75%
Film 2016 Underworld: Blood Wars
75%
Film 2006 Underworld: Evolution
75%
Film 2009 Underworld: Rise of the Lycans
75%
Video Game 2004 Underworld: The Eternal War
75%
Film 2009 Whiteout
75%
Film 2015 Absolutely Anything
50%
TV Film 1998 Alice Through the Looking Glass
50%
TV Film 1993 Anna Lee: Headcase
50%
Film 2024 Canary Black
50%
Theater 1996 Clocks and Whistles
50%
TV Film 1995 Cold Comfort Farm
50%
Film 2012 Contraband
50%
TV Mini-Series 1991 Devices and Desires
50%
TV Film 1996 Emma
50%
Audiobook 1997 Emma
50%
Film 2009 Everybody's Fine
50%
Theater 1996 Faithless
50%
Film 2018 Farming
50%
Film 2023 Fool's Paradise
50%
Web Series 2021 Guilty Party
50%
Film 1995 Haunted
50%
Theater 1992 Hayfever
50%
Film 2021 Jolt
50%
Film 2002 Laurel Canyon
50%
Film 2016 Love & Friendship
50%
Film 1995 Marie-Louise ou la Permission
50%
Film 1993 Much Ado About Nothing
50%
Film 2008 Nothing but the Truth
50%
TV Film 1991 One Against the Wind
50%
Film 2001 Pearl Harbor
50%
Film 1994 Prince of Jutland
50%
Film 2022 Prisoner's Daughter
50%
TV Show 2006 Punk'd
50%
Audiobook 1997 Romeo and Juliet
50%
Film 2001 Serendipity
50%
Film 1997 Shooting Fish
50%
Film 2007 Snow Angels
50%
Film 2025 Stolen Girl
50%
Film 2014 Stonehearst Asylum
50%
Theater 1996 Sweetheart
50%
Film 2004 The Aviator
50%
Video Game 2014 The Elder Scrolls Online
50%
Video Game 2017 The Elder Scrolls Online: Morrowind
50%
Film 2014 The Face of an Angel
50%
Film 2000 The Golden Bowl
50%
Film 2017 The Only Living Boy in New York
50%
Film TBA The Patient
50%
Radio Play 1997 The Proposal
50%
Theater 1995 The Seagull
50%
Film 2013 The Trials of Cate McCall
50%
TV Show 2019 The Widow
50%
Film 2003 Tiptoes
50%
Film 1994 Uncovered
50%
Film 2007 Vacancy
50%
Film 2004 Van Helsing
50%
Video Game 2004 Van Helsing
50%
Music Video 1999 Waltz Away Dreaming
50%
Film 2025 Wildcat
50%
Film 2008 Winged Creatures
50%
TV Short 1992 Rachel's Dream
25%
Short Film 2012 Republicans, Get in My Vagina
25%
TV Documentary 2008 Speechless
25%
Documentary Series 1977 This Is Your Life
25%
TV Special 2004 AFI Life Achievement Award: A Tribute to Meryl Streep
0%
TV Special 2003 Children in Need
0%
Commercial 2012 Chrysler 200 Convertible
0%
Commercial 2004 Diet Coke
0%
Documentary Series 2004 History vs. Hollywood
0%
Documentary Series 2014 Imagine
0%
Web Series 2022 Paris in Love
0%
Documentary Mini-Series 2016 Rising Damp Forever
0%
Web Series 2025 RuPaul's Drag Race All Stars
0%
Web Series 2025 RuPaul's Drag Race All Stars: Untucked!
0%
TV Special 2018 Stand Up to Cancer
0%
Video Game 2024 The Elder Scrolls Online: Gold Road
0%
TV Special 2014 The Night That Changed America: A Grammy Salute to the Beatles
0%
TV Show 2003, 2004, 2006 Total Request Live
0%
Film 2004 Underworld: Blood Enemy
0%
Short Film 2011 Underworld: Endless War
0%
Film 2004 Van Helsing: The London Assignment
0%
TV Special 2005 VH1 Big in 05
0%
No matching quizzes found
Score Distribution
Percent of People with Each Score
Percentile by Number Answered
Your Score History
You have not taken this quiz since the last reset